Účtovníctvo obcí a samosprávnych krajov v kontexte územnej samosprávy SR diplomová práca

Gespeichert in:
Bibliographische Detailangaben
1. Verfasser: Leňová, Radka
Körperschaft: Národohospodárska fakulta EU. Katedra financií
Weitere Verfasser: Šabíková, Ingrid
Format: Buch
Sprache:Slowakisch
Veröffentlicht: Bratislava 2013
Tags: Tag hinzufügen
Keine Tags, Fügen Sie das erste Tag hinzu!

MARC

LEADER 00000nbm a2200000 4500
001 0170521
005 20161109102351.9
041 0 |a slo 
044 |a SK 
245 1 0 |a Účtovníctvo obcí a samosprávnych krajov v kontexte územnej samosprávy SR  |b diplomová práca  |c Radka Leňová ; školiteľ: Ingrid Šabíková 
264 1 |a Bratislava  |c 2013 
300 |a 75 s. 
100 1 |a Leňová, Radka 
700 1 |a Šabíková, Ingrid 
710 2 |a Národohospodárska fakulta EU. Katedra financií